000 00500nam a2200193Ia 4500
005 20230914110932.0
008 131103s9999 xx 000 0 und d
020 _a034064690 X
040 _aLoreto College
041 _aEnglish
082 _aF
_bMCC
100 _aMcCrumb,Sharyn
245 4 _aThe Rosewood Casket
_cSharyn McCrumb
260 _aLondon
_bNew English Library/Hodder and Stoughton
_c1996
300 _aix,354 p.
650 _aFiction in English
850 _aLCLIB
942 _cBK
999 _c16582
_d67061